| 000 | nam a22 a 4500 | ||
|---|---|---|---|
| 999 |
_c94180 _d94180 |
||
| 003 | BLK | ||
| 005 | 20220609104237.0 | ||
| 008 | 180408b bul|||||r ||||||| ||bul|| | ||
| 010 | _aKNG00098998000 | ||
| 040 | _aBLK | ||
| 041 |
_aBUL _cBUL |
||
| 080 |
_aЖивопис - Портрети _b75.041.5 _x(497.2)(092) _z75.041.5(497.2)(092) |
||
| 080 |
_aУченик на Св. св. Кирил и Методий. Средновековен учен и първият епископ, проповядвал на старобългарски език _b929 Климент Охридски, св. _z929 Климент Охридски, св. |
||
| 100 | 1 |
_aВасилиев, Асен Петров _eпърви автор _9373949 |
|
| 139 |
_aВасилиев, Асен Петров и др. _bК 64 |
||
| 245 | 1 | 0 |
_aОбрази на Климент Охридски _cАсен Петров Василиев; съавт. Ирина А. Василиева |
| 257 | _aBGR | ||
| 260 |
_aСофия _bБълг. художник _c1967 _fСофия : ДП Г. Димитров |
||
| 300 |
_a41 с. _bс ил., 19 л. : репрод. _c23 см |
||
| 380 | _a7 | ||
| 500 | _aРез. на рус., фр., нем., англ. ез. | ||
| 504 | _aБиблиогр. с. 25-26 | ||
| 600 | 1 | 4 |
_aКлимент Охридски, св. _9276287 |
| 650 | 4 |
_aПортретна живопис, българска _9242599 |
|
| 650 | 4 |
_aКлимент Охридски, св. _9276287 |
|
| 653 | _aпортрети | ||
| 653 | _aсв. Климент Охридски | ||
| 653 | _aикони | ||
| 700 | 1 |
_aВасилиева, Ирина А. _eсъавт. _9305807 |
|
| 852 | _aЦб 42390 | ||
| 856 | 4 | _qpdf | |
| 856 | 4 | _qpdf | |
| 942 |
_cKNG _n0 _s1 |
||
| 944 |
_aCR _c20.01.2011 _lдобави в АБ / 19.01.2011 _kИрена_Линкова |
||
| 944 |
_aED _c2022-06-09 _l2022-06-09 |
||